000 00644nam a22002057a 4500
005 20241107125721.0
008 241107b |||||||| |||| 00| 0 eng d
020 _a9780075612865
050 _aTS155 DAV
100 _aDavis Mark M.
245 _aFundamentals of Operations Management/
_cMark M. Davis, Nicholas J. Aquilano & Richard B. Chase
250 _a3rf Ed.
260 _aBoston;
_bIrwin/McGraw-Hill;
_c1999;
300 _axx. 600p.;
_bill. col;
_c26 cm x 21 cm
_eCD
500 _aIncludes Indexes
650 _2Operations Management/
700 _aAquilano, Nicholas J.
700 _aChase, Richard B.
942 _2lcc
_cBK
_e3rd Ed.
_n0
999 _c801
_d801